21 ensayos (Registro nro. 302046)
[ vista simple ]
| 000 -ENCABEZADO | |
|---|---|
| Número de control [NR] | 00986 a2200253 4500 |
| 005 - FECHA Y HORA DE LA ÚLTIMA TRANSACCIÓN | |
| control field | 20151118142638.0 |
| 008 - DE LONGITUD FIJA DE DATOS DE ELEMENTOS - INFORMACIÓN GENERAL | |
| Elementos de longitud fija [NR] | 151118s2015 ck a fr|||| 000 0 spa d |
| 020 ## - NUMERO INTERNACIONAL NORMALIZADO PARA LIBROS [R] | |
| Número Internacional Normalizado del libro [NR] | 9789588890692 |
| 040 ## - FUENTE DE CATALOGACION [NR] | |
| Agencia de catalogación original [NR] | CO-BoUCM |
| Quien Cataloga | Saul Niño |
| Quien Clasifica | Saul Niño |
| 041 0# - CODIGO DE IDIOMA [R] | |
| Código de idioma para texto/pista de sonido o título separado [R] | Español |
| 110 2# - ASIENTO PRINCIPAL--NOMBRE CORPORATIVO [NR] | |
| Nombre corporativo o de jurisdicción como elemento de entrada [NR] | Universidad de Antioquia |
| Unidad subordinada [R] | Sistema de Bibliotecas (Carlos Gaviria Díaz) |
| ID de autoridad | 73749 |
| 245 ## - MENCION DE TITULO [NR] | |
| Título [NR] | 21 ensayos |
| Parte restante del título [NR] | una selección de leer y releer |
| 246 ## - FORMA VARIANTE DEL TITULO [R] | |
| Título propiamente dicho/forma breve del título [NR] | Veintiún ensayos |
| 260 ## - PUBLICACION, DISTRIBUCION, ETC. (PIE DE IMPRENTA) [R] | |
| Fecha de publicación, distribución, etc. [R] | 2015 |
| Nombre del editor, distribuidor, etc. [R] | Universidad de Antioquia |
| Lugar de publicación, distribución, etc. [R] | Medellín (Antioquia, Colombia) |
| 300 ## - DESCRIPCION FISICA [R] | |
| Extensión [R] | 338 páginas |
| Otros detalles físicos [NR] | ilustraciones |
| 500 ## - NOTA GENERAL [R] | |
| Nota general [NR] | Universidad de Antioquia Biblioteca Carlos Gaviria Díaz, 80 años. 1935-2015 |
| 504 ## - NOTA DE BIBLIOGRAFIA, ETC. [R] | |
| Nota de bibliografía, etc. [NR] | Incluye referencias bibliográficas |
| 650 #7 - ASIENTO SECUNDARIO DE MATERIA - TERMINO TEMATICO [R] | |
| 9 (RLIN) | 14557 |
| Término temático o nombre geográfico como elemento de entrada [NR] | Ensayos colombianos |
| 650 #7 - ASIENTO SECUNDARIO DE MATERIA - TERMINO TEMATICO [R] | |
| 9 (RLIN) | 18629 |
| Término temático o nombre geográfico como elemento de entrada [NR] | Literatura colombiana |
| 650 #7 - ASIENTO SECUNDARIO DE MATERIA - TERMINO TEMATICO [R] | |
| 9 (RLIN) | 9106 |
| Término temático o nombre geográfico como elemento de entrada [NR] | Animación a la lectura |
| 690 ## - ASUNTO AGREGADO LOCAL DE ENTRADA - TÉRMINO TEMÁTICO (OCLC, RLIN) | |
| 9 (RLIN) | 42861 |
| Acceso temático local | Literatura colombiana |
| 942 ## - ELEMENTOS DE ENTRADA AGREGADOS (KOHA) | |
| Sistema de clasificación | DEWEY |
| Tema principal | Literatura |
| Tipo de ítem principal el descrito en 300a | Libro |
| Edición | 1 |
| Clasificación | C 864.44 |
| Parte restante de la signatura top. | U588en |
| Fecha de último préstamo | Total préstamos | Total Renewals | Signatura topográfica | Código de barras | Última vez visto | Ejemplar | Costo de reposición | Price effective from | Tipo de ítem | Perdido | Sistema de clasificación | Dañado | No prestable | Tipo de ítem específico | Suprimido | Ubicación habitual | Ubicación actual | Localización | Fecha de creación | Proveedor | Forma de adquisición | Costo |
|---|---|---|---|---|---|---|---|---|---|---|---|---|---|---|---|---|---|---|---|---|---|---|
| 22/10/2018 | 4 | 12 | C 864.44 U588en | 100148317 | 09/12/2025 | Ej.1 | 26000.00 | 11/11/2015 | Libro | DEWEY | Libro | Claustro | Claustro | 2do piso | 11/11/2015 | 12 | Donación | 0.00 |